| 000 | 01412nam a22002417a 4500 | ||
|---|---|---|---|
| 003 | NALT | ||
| 005 | 20240724233209.0 | ||
| 008 | s2545 th tha d | ||
| 040 | _aNALT | ||
| 041 | _atha | ||
| 050 |
_aLG395.C5.S78 _bช544ป |
||
| 100 | 0 | _aเดือนกาญจน์ สุทธิเวทย์ | |
| 245 | 1 | 0 |
_aปัจจัยที่มีอิทธิพลและความพึงพอใจต่อการเลือกสายวิชาของนักศึกษาเภสัชศาสตร์ มหาวิทยาลัยเชียงใหม่ : _bSatisfaction and factors influencing selection semi-spceia lization plans for Chiang Mai University Pharmacy Students |
| 260 | 3 |
_aเชียงใหม่ : _bมหาวิทยาลัยเชียงใหม่, _c2545 |
|
| 300 |
_a59 หน้า : _bตาราง ; _c29 ซม. |
||
| 650 | 0 | 4 | _aเภสัชศาสตร์ -- หลักสูตร |
| 650 | 0 | 4 | _aนักศึกษาเภสัชศาสตร์ -- วิจัย |
| 650 | 0 | 4 | _aมหาวิทยาลัยเชียงใหม่ -- นักศึกษา -- วิจัย |
| 700 | 0 | _aเดือนกาญจน์ สุทธิเวทย์ | |
| 850 | _aNALT | ||
| 942 |
_cRSH _2lcc |
||
| 999 |
_c42568 _d42568 |
||
| 998 |
_j109 _k อารีรัตน์ วิชาช่าง |
||